Saudi Pro League Clubs - Statistics

General Stats
  • This quiz has been taken 183 times
  • The average score is 9 of 18
Answer Stats
Answer % Correct
Al-Hilal
98%
Al-Nassr
96%
Al-Ahli
90%
Al-Ittihad
85%
Al-Ettifaq
68%
Al-Shabab
67%
Al-Riyadh
49%
Damac
47%
Al-Fateh
45%
Abha
44%
Al-Taawoun
40%
Al-Wehda
40%
Al-Raed
32%
Al-Khaleej
30%
Al-Fayha
29%
Al-Thai
28%
Al-Hazem
24%
Al-Okhdood
18%
No matching quizzes found
Score Distribution
Percent of People with Each Score
Percentile by Number Answered
Your Score History
You have not taken this quiz